|
|
|
|
| LEADER |
01673nam a2200325 u 4500 |
| 001 |
10117944 |
| 003 |
GR-PaULI |
| 005 |
20250107115800.0 |
| 008 |
151015s2009 gr g gre d |
| 020 |
|
|
|a 9789607651761
|
| 040 |
|
|
|a GR-PaULI
|c GR-PaULI
|b gre
|e AACR2
|
| 041 |
1 |
|
|a gre
|h eng
|
| 082 |
0 |
4 |
|a 170
|
| 100 |
1 |
|
|a Butler, Judith,
|d 1956-
|e συγγραφέας
|9 76056
|
| 240 |
1 |
0 |
|a Giving an account of oneself.
|l Ελληνικά
|
| 245 |
1 |
0 |
|a Λογοδοτώντας για τον εαυτό /
|c Τζούντιθ Μπάτλερ ; μετάφραση: Μιχάλης Λαλιώτης ; επιμέλεια, επίμετρο: Αθηνά Αθανασίου.
|
| 260 |
|
|
|a Αθήνα :
|b Εκκρεμές,
|c 2009.
|
| 300 |
|
|
|a 226 σ. ;
|c 21 εκ.
|
| 500 |
|
|
|a Τίτλος πρωτοτύπου : Giving an account of oneself.
|
| 650 |
|
4 |
|a Εαυτός (Φιλοσοφία)
|9 59986
|
| 650 |
|
4 |
|a Ευθύνη
|9 22562
|
| 650 |
|
4 |
|9 164
|a Ηθική
|
| 700 |
1 |
|
|a Λαλιώτης, Μιχάλης
|e μεταφραστής
|
| 700 |
1 |
|
|a Αθανασιου, Αθηνά
|e επιμελήτρια
|e συγγραφέας επίμετρου
|
| 852 |
|
|
|a GR-PaULI
|b ΠΑΤΡΑ
|b ΦΙΛΟΣΟΦΙΑ
|k ΑΣΧΕ-4
|h 170 BUT
|m 10782
|p 025000187411
|t 1
|
| 942 |
|
|
|2 ddc
|c BK15
|
| 952 |
|
|
|0 0
|1 0
|4 0
|6 170_000000000000000_BUT
|7 0
|9 185387
|a PHIL
|b PHIL
|d 2016-04-24
|i 10782
|l 2
|o 170 BUT
|p 025000187411
|r 2024-04-16 00:00:00
|s 2024-04-09
|t 1
|w 2016-04-24
|y BK15
|
| 952 |
|
|
|0 0
|1 0
|2 ddc
|4 0
|6 170_000000000000000_BUT
|7 0
|9 372541
|a THST
|b THST
|d 2023-06-12
|i 017666
|l 1
|o 170 BUT
|p 025000299921
|r 2024-05-13 00:00:00
|s 2024-04-18
|t 2
|w 2023-06-12
|y BK15
|
| 998 |
|
|
|c ΚΑΝΕΛΛΟΠΟΥΛΟΥ
|d 2015-10
|
| 999 |
|
|
|c 114214
|d 114214
|